Harry's House - Album (Harry Styles) - Statistics

General Stats
  • This quiz has been taken 31 times
  • The average score is 12 of 13
Answer Stats
# Title % Correct
4. As It Was
96%
5. Daylight
96%
3. Grapejuice
96%
1. Music For A Sushi Restaurant
96%
8. Cinema
92%
9. Daydreaming
92%
13. Love Of My Life
92%
7. Matilda
92%
12. Boyfriends
88%
2. Late Night Talking
88%
6. Little Freak
88%
11. Satellite
88%
10. Keep Driving
79%
No matching quizzes found
Score Distribution
Percent of People with Each Score
Percentile by Number Answered
Your Score History
You have not taken this quiz